NCAA Division III Team Names - Statistics

General Stats
  • This quiz has been taken 337 times
  • The average score is 204 of 432
Answer Stats
School Team Name % Correct
Albright | Bryn Athyn | Eastern Nazarene | +7 others Lions
93%
Colorado College | DePauw | East Texas Baptist | +7 others Tigers
90%
Asbury | Benedictine | Bridgewater | +9 others Eagles
88%
Bridgewater State | Coast Guard | SUNY - Potsdam | +3 others Bears
84%
Hartford | Hartwick | Hilbert | +4 others Hawks
84%
Wellesley Blue
81%
CUNY - York College | Catholic University of America | North Central College | +5 others Cardinals
78%
Birmingham-Southern | Chapman | Ferrum | +9 others Panthers
78%
Adrian | Brooklyn | DeSales | +3 others Bulldogs
77%
Albertus Magnus | Cedar Crest | Concordia Wisconsin | +4 others Falcons
77%
Elizabethtown | Johns Hopkins | St. Joseph | Westminster College - Missouri Blue Jays
70%
Elmhurst Bluejays
70%
Arcadia | Calvin | Carleton | +6 others Knights
70%
Hendrix | Lycoming | Wisconsin Lutheran Warriors
70%
Johnson & Wales | Linfield | Pennsylvania College of Tech | +2 others Wildcats
70%
Randolph WildCats
70%
Baldwin Wallace | Defiance | Howard Payne | +4 others Yellow Jackets
70%
Rochester Yellowjackets
70%
Aurora | Case Western | Dubuque | +3 others Spartans
68%
Cornell College | Farmingdale State | Framingham State | +2 others Rams
66%
Emmanuel | Marymount | St. Lawrence | St. Scholastica Saints
64%
Augustana | Berry | Bethany Lutheran | +3 others Vikings
64%
Bryn Mawr | Keene State | Kenyon | +4 others Owls
63%
Keuka | Wesleyan College | Western Connecticut State Wolves
63%
Averett | Chatham | Clark | +5 others Cougars
62%
Milwaukee School of Engineering | Rivier Raiders
62%
Bethany | Gallaudet | Nichols Bison
60%
Kalamazoo | Lynchbury | Shenandoah | Vermont State - Lyndon Hornets
60%
Alfred State | Carroll | Grinnell | +7 others Pioneers
59%
Hardin-Simmons Cowboys
58%
SUNY - Morrisville | Stevenson Mustangs
58%
Bates | Pittsburgh - Greensburg Bobcats
56%
Southwestern | Whitworth Pirates
56%
SUNY - Delhi Broncos
55%
Babson | Blackburn | Bluffton | +4 others Beavers
53%
Hiram | Thomas Terriers
53%
Beloit | Massachusetts Maritime Buccaneers
52%
Bowdoin | Ohio Northern Polar Bears
52%
La Roche Redhawks
52%
Montclair State | Ripon Red Hawks
52%
Allegheny | Notre Dame of Maryland | Russell Sage Gators
51%
Alma | Covenant | Lyon | +3 others Scots
51%
Berea | Schreiner Mountaineers
49%
Anderson | Rosemont Ravens
49%
Baruch | St. Vincent | Willamette Bearcats
48%
George Fox Bruins
48%
Colby-Sawyer | Lancaster Bible Chargers
48%
SUNY - Brockport | Spalding | St. Joseph's - Long Island Golden Eagles
48%
La Verne | Wentworth Institute of Tech Leopards
48%
Franklin Grizzlies
47%
Buffalo State Bengals
45%
Mount Saint Vincent Dolphins
45%
Penn State - Abington | Penn State - Berks Nittany Lions
45%
Bethel | Eastern Connecticut State | Eastern Mennonite | Scranton Royals
45%
Illinois Wesleyan | UW - Oshkosh | Westminster College - Pennsylvania Titans
45%
Grove City Wolverines
45%
Delaware Valley Aggies
44%
FDU Fordham Devils
44%
Valley Forge Patriots
44%
Simpson Storm
44%
Capital | Mary Hardin - Baylor | UDallas Crusaders
41%
Rensselaer Polytech | Worcester Polytech Engineers
41%
Centenary Cyclones
40%
Southern Maine Huskies
40%
Denison Big Red
38%
SUNY - Fredonia | UW - Stout Blue Devils
38%
Cabrini Cavaliers
38%
Centre | Curry | Wilkes Colonels
38%
Cairn | Houghton Highlanders
38%
SUNY - Oswego Lakers
38%
Salve Regina | St. Mary's - Maryland Seahawks
38%
Simmons Sharks
38%
Whitman Blues
37%
Austin | SUNY - Canton Kangaroos
37%
Keystone Giants
36%
Lehman Lightning
36%
Maine Maritime | Merchant marine | Mitchell Mariners
36%
Roanoke | UChicago Maroons
36%
Vermont State - Johnson Badgers
34%
Belhaven | Elms | Hood Blazers
34%
Luther Norse
34%
Earlham | Guilford | Wilmington Quakers
34%
Claremont McKenna, Harvey Mudd, & Scripps Stags
34%
Carnegie Mellon Tartans
34%
Millikin Big Blue
33%
Christopher Newport Captains
33%
Amherst Mammoths
33%
Colby | Muhlenberg Mules
33%
Dickinson | Eureka Red Devils
33%
Ithaca Bombers
32%
Stevens Institute of Tech Ducks
32%
Goucher Gophers
32%
Greensboro | Regis | Springfield | Widener Pride
32%
Alfred Saxons
32%
Brevard | Concordia Texas Tornados
32%
McMurry War Hawks
32%
UW - Whitewater Warhawks
32%
Gettysburg Bullets
30%
Endicott Gulls
30%
Lesley | Rhodes Lynx
30%
King's | Methodist Monarchs
30%
New York University Violets
30%
UMass Boston Beacons
29%
College of Wooster | Gordon Fighting Scots
29%
Brandeis Judges
29%
Mount Union Purple Raiders
29%
Drew Rangers
29%
Trine | Wheaton College - Illinois Thunder
29%
Norwich Cadets
27%
Western New England Golden Bears
27%
Moravian Greyhounds
27%
Northland Lumberjacks
27%
Hobart Statesmen
27%
Connecticut College Camels
26%
Franklin & Marshall Diplomats
26%
Tufts Jumbos
26%
Coe Kohawks
26%
Lakeland Muskies
26%
Bard Raptors
26%
Olivet | Texas - Dallas Comets
25%
Central Dutch
25%
Fontbonne | Gwynedd Mercy Griffins
25%
Worcester State Lancers
25%
Washington & Jefferson Presidents
25%
SUNY - Cortland | SUNY - Oneonta Red Dragons
25%
Oberlin Yeomen
25%
Augsburg Auggies
23%
Loras Duhawks
23%
Cal Lutheran Kingsmen
23%
SUNY - Maritime College Privateers
23%
Ramapo Roadrunners
23%
Pomona - Pitzer Sagehens
23%
Heidelberg Student Princes
23%
Anna Maria Amcats
22%
Meredith Angels
22%
John Jay Bloodhounds
22%
Williams Ephs
22%
Lake Forest Foresters
22%
Clarkson Golden Knights
22%
Pacific Lutheran Lutes
22%
University of New England Nor'easters
22%
Wilson Phoenix
22%
Salisbury Sea Gulls
22%
Hope | Lebanon Valley Flying Dutchmen
21%
McDaniel Green Terror
21%
Ohio Wesleyan Battling Bishops
19%
North Carolina Wesleyan Bishops
19%
Hamilton Continentals
19%
Muskingum Fighting Muskies
19%
Haverford Fords
19%
Geneva Golden Tornadoes
19%
Gustavus Adolphus Gusties
19%
New England College Pilgrims
19%
Knox Prairie Fire
19%
Rowan Profs
19%
Susquehanna River Hawks
19%
Agnes Scott Scotties
19%
Dominican Stars
19%
Illinois College Blueboys
18%
John Carroll Blue Streaks
18%
Albion Britons
18%
UMass Dartmouth Corsairs
18%
Carthage Firebirds
18%
Centenary of Louisiana Gents
18%
Nazareth Golden Flyers
18%
Alvernia Golden Wolves
18%
Alverno Inferno
18%
Puget Sound Loggers
18%
Mount Holyoke | Wheaton College - Massachusetts Lyons
18%
St. Joseph's College of Maine Monks
18%
Stockton Ospreys
18%
Marian Sabres
18%
Elmira Soaring Eagles
18%
Oglethorpe Stormy Petrels
18%
MCLA Trailblazers
18%
Clarks Summit Defenders
16%
St. John's Johnnies
16%
Lasell Lasers
16%
Millsaps Majors
16%
Virginia Wesleyan Marlins
16%
Immaculata Mighty Macs
16%
Mount Aloysius Mounties
16%
Hamline Pipers
16%
Whittier Poets
16%
UW - Stevens Point Pointers
16%
Franciscan Steubenville Barons
15%
UW - Eau Claire Blugolds
15%
Pacific Boxers
15%
Nebraska Wesleyan Prairie Wolves
15%
Manhattanville Valiants
15%
Pratt Institute Cannoneers
14%
Rose-Hulman Fightin' Engineers
14%
Mary Baldwin Fighting Squirrels
14%
College of New Jersey Gothic Knights
14%
Maranatha Baptist Sabercats
14%
Illinois Tech Scarlet Hawks
14%
Vassar Brewers
12%
Swarthmore Garnet
12%
Rockford Regents
12%
Rutgers - Camden Scarlet Raptors
12%
Washington College Shoremen
12%
Rhode Island College Anchormen
11%
SUNY - Cobleskill Fighting Tigers
11%
William Smith Herons
11%
Marywood | William Peace Pacers
11%
Thiel Tomcats
11%
Trinity College Bantams
10%
Mount Mary Blue Angels
10%
Wabash Little Giants
10%
St. Olaf Oles
10%
Skidmore Thoroughbreds
10%
St. Mary's - Indiana Belles
8%
St. Norbert Green Knights
8%
Yeshiva Maccabees
8%
Rutgers - Newark Scarlet Raiders
8%
Carlow Celtics
7%
Union College Garnet Chargers
7%
St. Elizabeth Screaming Eagles
7%
St. Thomas - Texas Celts
5%
Sarah Lawrence Gryphons
5%
Sweet Briar Vixens
5%
College of St. Benedict Bennies
4%
Concordia Cobbers
4%
Crown Polars
4%
Salem College Spirits
4%
Webster Gorloks
3%
No matching quizzes found
Score Distribution
Percent of People with Each Score
Percentile by Number Answered
Your Score History
You have not taken this quiz